Economías de escala en las administradoras de fondos de pensiones

Bewaard in:
Bibliografische gegevens
Hoofdauteur: Miranda R., Ernesto (autor)
Formaat: Boek
Taal:Spaans
Gepubliceerd in: Santiago Universidad de Chile 1990
Onderwerpen:
Tags: Voeg label toe
Geen labels, Wees de eerste die dit record labelt!

MARC

LEADER 00000nam a2200000 a 4500
001 UCX2582
003 CL-VaPUC
008 910627e19900000CL |||||||||||||||||spa|d
082 0 4 |a 332  |b MIR  |2 21 
100 |a Miranda R., Ernesto  |e autor  |9 318568 
245 1 0 |a Economías de escala en las administradoras de fondos de pensiones 
246 1 0 |a Encuentro Anual de Economistas de Chile 1990 
300 |a 26 p 
942 |c BK 
945 |d 19910627 00:00:00 
260 |a Santiago  |b Universidad de Chile  |c 1990 
650 0 |a Administradoras de Fondos de Pensiones (AFP)  |9 255319 
650 7 |a ECONOMIA DE ESCALA  |2 CL-VaPUC  |9 318569 
583 |a last modification  |c 19910627 00:00:00  |k Rodrigo Vera 
999 |c 223575  |d 223573